Odchádzajúci rýchlik prosperity
Odborníci považujú cestovný ruch za odvetvie budúcnosti. Cestovný ruch a jeho podiel na ekonomickej situácii štátu. Vplyv cestovného ruchu na vývoj zamestnanosti - nové pracovné príležitosti. Cestovný ruch z národohospodárskeho hľadiska. Jeho vplyv na rozvoj dopravy, informačných technológií a infra...
Salvato in:
| Autore principale: | |
|---|---|
| Natura: | Capitolo di libro |
| Lingua: | slovacco |
| Soggetti: | |
| Tags: |
Nessun Tag, puoi essere il primo ad aggiungerne!!
|
MARC
| LEADER | 00000naa$a2200000$$$4500 | ||
|---|---|---|---|
| 001 | 0003885 | ||
| 005 | 20230926070344.1 | ||
| 041 | 0 | |a slo | |
| 044 | |a SK | ||
| 245 | 1 | 0 | |a Odchádzajúci rýchlik prosperity |c aut. Alexander Sotník |
| 520 | |a Odborníci považujú cestovný ruch za odvetvie budúcnosti. Cestovný ruch a jeho podiel na ekonomickej situácii štátu. Vplyv cestovného ruchu na vývoj zamestnanosti - nové pracovné príležitosti. Cestovný ruch z národohospodárskeho hľadiska. Jeho vplyv na rozvoj dopravy, informačných technológií a infraštruktúry. Budúcnosť cestovného ruchu. Európsky trh cestovného ruchu a porovnanie Slovenska. Informačné vákuum. | ||
| 610 | 2 | 0 | |a ruch cestovný |
| 610 | 2 | 0 | |a zamestnanosť |
| 610 | 2 | 0 | |a odvetvia činnosti ekonomickej |
| 610 | 2 | 0 | |a doprava |
| 610 | 2 | 0 | |a infraštruktúra |
| 610 | 2 | 0 | |a Slovensko |
| 610 | 2 | 0 | |a Európa |
| 100 | 1 | |a Sotník, Alexander | |